| 000 | 00464cam a22001457a 4500 | ||
|---|---|---|---|
| 008 | 180718b1996 xxu||||| |||| 00| 0 eng d | ||
| 082 | _aAPPPA 95-96 MAT | ||
| 100 | _aMathias, S. | ||
| 245 |
_aNational Human Rights Commission necessity, role and future _cby S. Mathias |
||
| 260 |
_aNew Delhi _bIndian Institute of Public Administration _c1996 |
||
| 300 | _a78p. | ||
| 650 | _aAPPPA | ||
| 650 | _aNational Human Rights Commission | ||
| 650 | _aHuman rights - India | ||
| 999 |
_c481473 _d481473 |
||